Silencio en Belvalle / (Record no. 179857)

MARC details
000 -LEADER
campo de control de longitud fija 00871nam a2200253 i 4500
001 - NÚMERO DE CONTROL
campo de control 179857
003 - IDENTIFICADOR DE NÚMERO DE CONTROL
campo de control ES-MaACL
005 - FECHA Y HORA DE LA ÚLTIMA TRANSACCIÓN
campo de control 20230927110534.0
008 - DATOS DE LONGITUD FIJA--INFORMACIÓN GENERAL
campo de control de longitud fija 120213s2001 sp |||| | spa d
020 ## - NÚMERO INTERNACIONAL ESTÁNDAR DEL LIBRO
Número Internacional Estándar del Libro 84-95192-84-5
080 ## - NÚMERO DE LA CLASIFICACIÓN DECIMAL UNIVERSAL
Número de la Clasificación Decimal Universal 821.134.2-31"19"
100 1# - ENTRADA PRINCIPAL--NOMBRE DE PERSONA
Nombre de persona Heras, Jesús de las.
9 (RLIN) 62636
245 10 - MENCIÓN DEL TÍTULO
Título Silencio en Belvalle /
Mención de responsabilidad, etc. Jesús de las Heras.
260 ## - PUBLICACIÓN, DISTRIBUCIÓN, ETC.
Lugar de publicación, distribución, etc. Cuenca :
Nombre del editor, distribuidor, etc. Diputación Provincial de Cuenca, Cultura,
Fecha de publicación, distribución, etc. [2001]
300 ## - DESCRIPCIÓN FÍSICA
Extensión 283 p. ;
Dimensiones 23 cm.
490 1# - MENCIÓN DE SERIE
Mención de serie Colección Rafael López de Haro
586 ## - NOTA DE PREMIOS
Nota de premios En cub.: Premio Alfonso VIII de Novela 2001
710 1# - ENTRADA AGREGADA--NOMBRE DE ENTIDAD CORPORATIVA
Nombre de entidad corporativa o nombre de jurisdicción como elemento de entrada Cuenca (Provincia).
Unidad subordinada Diputación Provincial.
9 (RLIN) 3346
830 0# - PUNTO DE ACCESO ADICIONAL DE SERIE-TÍTULO UNIFORME
Título uniforme Colección Rafael López de Haro
9 (RLIN) 191428
852 ## - LOCALIZACIÓN
Ubicación ES-MaACL
itemnumber 186758
Sublocalización o colección R.146857
Número de control de estantería A-11959
Signatura antigua Olim: N-4964
Ubicación en estantería Depósito 1
942 ## - ELEMENTOS DE ENTRADA SECUNDARIOS (KOHA)
Fuente del sistema de clasificación o colocación Clasificación decimal universal
Tipo de ítem Koha Libro impreso
Holdings
Estatus retirado Estado de pérdida Fuente del sistema de clasificación o colocación Estado de daño No para préstamo Biblioteca de origen Biblioteca actual Ubicación en estantería Fecha de adquisición Fuente de adquisición Total de préstamos Signatura topográfica completa Código de barras Visto por última vez Precio de reemplazo Tipo de ítem Koha
    Clasificación decimal universal     Biblioteca del Ateneo de Madrid Biblioteca del Ateneo de Madrid Depósito 1 13/02/2012 Donación   A-11959 1188951 23/02/2023 23/02/2023 Libro impreso